|
|
|
|
| LEADER |
00840pam a22002418a 4500 |
| 001 |
00027309 |
| 005 |
20171026081025.0 |
| 008 |
111020s2011 ||||||viesd |
| 020 |
|
|
|c 325000
|
| 041 |
0 |
# |
|a vie
|
| 082 |
1 |
4 |
|a 324.095 97
|b Đ406TH
|
| 100 |
1 |
# |
|a Thùy Linh
|
| 245 |
1 |
0 |
|a Đoàn thanh niên cộng sản Hồ Chí Minh những mốc son vàng
|c Thùy Linh, Việt Trinh.
|
| 260 |
# |
# |
|a Hà Nội
|b Lao động
|c 2011
|
| 300 |
# |
# |
|a 524 tr.
|c 27 cm.
|
| 650 |
# |
4 |
|a Đoàn Thanh niên Cộng sản Hồ Chí Minh (Việt Nam)
|
| 653 |
# |
# |
|a Công tác đoàn
|
| 653 |
# |
# |
|a Phong trào thanh niên
|
| 700 |
1 |
# |
|a Việt, Trinh
|
| 852 |
# |
# |
|b Kho đọc
|j KD.0011850
|
| 852 |
# |
# |
|j KD.0011850
|
| 910 |
|
|
|d 20/10/2011
|
| 980 |
# |
# |
|a Trung tâm Học liệu Lê Vũ Hùng, Trường Đại học Đồng Tháp
|